| 000 | 00658nam a22001937a 4500 | ||
|---|---|---|---|
| 003 | DO-SdBNP | ||
| 005 | 20171205091158.0 | ||
| 008 | 171121b 1977 mx ||||| |||| 00| 0 spa d | ||
| 040 |
_aBPMSU _bspa _cBPMSU |
||
| 092 |
_axxxx _bxxxx |
||
| 100 | 1 | _a Avila Pires, Fernando Dias de | |
| 245 | 1 | 0 |
_aPrincipios de ecología médica / _cFernando Dias de Avila Pires ; traducido por el Dr. Guillermo Anguiano L. |
| 260 |
_aMéxico : _bEl Manual Moderno, _c1977. |
||
| 300 |
_a153 p. ; _c19 cm. |
||
| 700 | 1 | 2 |
_aAnguiano L., Guillermo, _etr. |
| 942 |
_2ddc _cBK |
||
| 945 | _ainventariado extranjero / DG | ||
| 956 |
_aLOPEREZ _b10 _c20171121 _h0041 _iBPMSU |
||
| 999 |
_c12991 _d12991 |
||